000 00657cam a22002411 4500
999 _c8933
_d8933
001 8933
003 BD-JhCC
005 20180621132323.0
008 720526s1965 nyu 000 0 eng
035 _a(BD-JhCC)8933
040 _aDLC
_cODaWU
_dOCoLC
_dNSelC
_dDLC
_dBD-JhCC
041 _aeng
050 0 0 _aPE1408
_b.D455
082 _bDEM 1965
_a808
100 2 _aDe Mordaunt, Walter J.
245 1 2 _aA writer's guide to literature /
_cWalter J. De Mordaunt.
260 _aNew York :
_bMcGraw-Hill
_c[1965]
300 _aviii, 397 p. :
_bill. ;
_c20 cm.
650 0 _aEnglish language
_xRhetoric.
650 0 _aEssay.
942 _2ddc
_cBK